[Event "20th TCh-RUS 2013"]
[Site "Loo RUS"]
[Date "2013.04.07"]
[Round "1"]
[White "Krylov, Mikhail RUS"]
[Black "Khismatullin, Denis"]
[Result "0-1"]
[WhiteElo "2478"]
[BlackElo "2640"]
[PlyCount "130"]
[EventDate "2013.04.07"]
[WhiteTeam "Rakita"]
[BlackTeam "Yugra"]

1. d4 Nf6 2. c4 e6 3. g3 d5 4. Nf3 dxc4 5. Bg2 Nc6 6. O-O Rb8 7. Nc3 a6 8. e4
Be7 9. d5 Nb4 10. Ne5 exd5 11. exd5 Bf5 12. a3 Nd3 13. Nxc4 Nxc1 14. Rxc1 O-O
15. b4 h6 16. Re1 Re8 17. Qd4 Bf8 18. Rxe8 Nxe8 19. b5 axb5 20. Nxb5 Bd7 21. a4
Ra8 22. Ne5 Bxb5 23. axb5 Qf6 24. Qe3 Qe7 25. Nc4 Qxe3 26. Nxe3 Ra5 27. Bh3 Ba3
28. Ra1 Nd6 29. Bf1 b6 30. Nc4 Nxc4 31. Bxc4 Kf8 32. Kf1 Ke7 33. Ke2 Kd6 34.
Kd1 Bc5 35. Rxa5 bxa5 36. f3 f6 37. Kd2 Bg1 38. h3 Bf2 39. g4 Ke5 40. Ke2 Bc5
41. h4 Kd4 42. Bb3 Kc3 43. Bd1 g5 44. hxg5 hxg5 45. Ba4 Bd4 46. Kd1 Kb4 47. Bc2
Kxb5 48. Kc1 Kc4 49. Be4 Be5 50. Kb1 Kc3 51. Ka2 Bd6 52. Kb1 a4 53. Ka2 Bb4 54.
Kb1 a3 55. Ka2 Kc4 56. Kb1 Kd4 57. Kc2 f5 58. Bxf5 Kxd5 59. Be4+ Kc4 60. Bc6
Kc5 61. Be8 Kd4 62. Bc6 Kc4 63. Kb1 Kc5 64. Be4 Kd6 65. Kc2 c5 0-1

[Event "20th TCh-RUS 2013"]
[Site "Loo RUS"]
[Date "2013.04.07"]
[Round "1"]
[White "Kabanov, Nikolai"]
[Black "Efanov, Nikolai"]
[Result "1-0"]
[WhiteElo "2473"]
[BlackElo "2401"]
[PlyCount "74"]
[EventDate "2013.04.07"]
[WhiteTeam "Yugra"]
[BlackTeam "Rakita"]

1. e4 c5 2. Nf3 Nc6 3. Bb5 e6 4. O-O Nge7 5. Re1 a6 6. Bxc6 Nxc6 7. d4 cxd4 8.
Nxd4 d6 9. Nc3 Be7 10. Nxc6 bxc6 11. Qg4 Kf8 12. b3 Qa5 13. Bb2 e5 14. Qe2 Be6
15. Na4 f6 16. Rad1 Kf7 17. Qh5+ g6 18. Qh6 g5 19. Qh5+ Kg7 20. Re3 Bf7 21. Qe2
Rhd8 22. h4 h6 23. c4 Qc7 24. Red3 Be6 25. Ba3 g4 26. h5 c5 27. Rg3 f5 28. exf5
Bxf5 29. Bc1 Bg5 30. Bxg5 hxg5 31. f3 Kh6 32. fxg4 Bh7 33. Rf3 Rf8 34. Rdf1 Rf4
35. g3 Re4 36. Rf6+ Kg7 37. Qf3 Ra7 1-0

[Event "20th TCh-RUS 2013"]
[Site "Loo RUS"]
[Date "2013.04.07"]
[Round "1"]
[White "Khoroshilov, Nikita"]
[Black "Pridorozhni, Aleksei"]
[Result "0-1"]
[WhiteElo "2290"]
[BlackElo "2515"]
[PlyCount "82"]
[EventDate "2013.04.07"]
[WhiteTeam "Rakita"]
[BlackTeam "Yugra"]

1. e4 c5 2. Nf3 Nc6 3. d3 g6 4. g3 Bg7 5. Bg2 e6 6. O-O Nge7 7. Re1 d6 8. c3 e5
9. a3 a5 10. a4 O-O 11. Na3 h6 12. Be3 f5 13. Qb3+ Kh7 14. Nc4 f4 15. Bc1 Rb8
16. Nb6 Bg4 17. Nd2 Nc8 18. Nd5 Be6 19. Qd1 Qd7 20. Nc4 g5 21. Bf3 b6 22. g4
N6e7 23. Bd2 Ng6 24. b4 Nh4 25. h3 h5 26. bxa5 bxa5 27. Nxa5 Nxf3+ 28. Qxf3
hxg4 29. hxg4 Bxg4 30. Qg2 Kg6 31. f3 Bh3 32. Qh2 g4 33. Nc4 g3 34. Qe2 Qd8 35.
d4 Qh4 36. dxe5 dxe5 37. Na5 Rh8 38. Qa6+ Rb6 39. Nxb6 Be6 40. Kf1 Qh2 41. Be3
Bh3# 0-1

[Event "20th TCh-RUS 2013"]
[Site "Loo RUS"]
[Date "2013.04.08"]
[Round "2"]
[White "Jobava, Baadur"]
[Black "Karjakin, Sergey"]
[Result "1-0"]
[WhiteElo "2702"]
[BlackElo "2786"]
[PlyCount "55"]
[EventDate "2013.04.07"]
[WhiteTeam "PGMB Rostov"]
[BlackTeam "Malakhit"]

1. e4 e5 2. Nf3 Nc6 3. Bc4 Bc5 4. c3 Nf6 5. d4 exd4 6. e5 d5 7. Be2 Ne4 8. cxd4
Bb4+ 9. Bd2 Nxd2 10. Nbxd2 O-O 11. O-O f6 12. Rc1 Kh8 13. Nb3 Bg4 14. a3 Be7
15. Re1 fxe5 16. dxe5 Rf4 17. h3 Bh5 18. Nc5 Bxc5 19. Rxc5 d4 20. e6 Bg6 21.
Bd3 Qf6 22. Ng5 Ne7 23. Bxg6 hxg6 24. Ne4 Qxe6 25. Ng5 Qf6 26. Re6 Qf8 27. Rxg6
Rh4 28. Ne6 1-0

[Event "20th TCh-RUS 2013"]
[Site "Loo RUS"]
[Date "2013.04.08"]
[Round "2"]
[White "Grischuk, Alexander"]
[Black "Cheparinov, Ivan"]
[Result "1-0"]
[WhiteElo "2764"]
[BlackElo "2702"]
[PlyCount "129"]
[EventDate "2013.04.07"]
[WhiteTeam "Malakhit"]
[BlackTeam "PGMB Rostov"]

1. d4 Nf6 2. c4 g6 3. g3 Bg7 4. Bg2 d5 5. cxd5 Nxd5 6. Nf3 Nb6 7. Nc3 Nc6 8. e3
O-O 9. O-O Re8 10. h3 a5 11. d5 Ne5 12. Nxe5 Bxe5 13. e4 c6 14. Re1 Bd7 15. Bh6
Rc8 16. Rc1 a4 17. Kh2 cxd5 18. exd5 Bh8 19. d6 a3 20. dxe7 Rxe7 21. Rxe7 Qxe7
22. Qb3 axb2 23. Qxb2 Qe6 24. Qb4 Bg7 25. Bxg7 Kxg7 26. Qd4+ Qf6 27. Qxf6+ Kxf6
28. Bxb7 Rb8 29. Bg2 Na4 30. Ne4+ Kg7 31. Rc7 Be6 32. Ra7 Rb4 33. a3 Rd4 34.
Ng5 Bd7 35. Bc6 Nc5 36. Bxd7 Nxd7 37. Kg2 Rd5 38. a4 h6 39. Ne4 Ne5 40. Rc7 Nd3
41. Nc3 Rd6 42. Rc4 g5 43. Kf1 Rf6 44. Ne4 Ra6 45. Ke2 Ne5 46. Nc5 Rb6 47. Rc2
Rb1 48. a5 Nc6 49. Ne6+ fxe6 50. Rxc6 Ra1 51. a6 Kf6 52. Kd3 Ke7 53. Rb6 Kd7
54. Rb7+ Kc6 55. Re7 Kd6 56. Ra7 Ke5 57. Ra8 Kf6 58. a7 Kg7 59. f4 Ra4 60. Kc3
h5 61. fxg5 Kh7 62. Kb3 Ra1 63. Kc4 Kg7 64. Kc5 Ra5+ 65. Kb6 1-0

[Event "20th TCh-RUS 2013"]
[Site "Loo RUS"]
[Date "2013.04.08"]
[Round "2"]
[White "Zhigalko, Sergei"]
[Black "Mamedyarov, Shakhriyar"]
[Result "1/2-1/2"]
[WhiteElo "2656"]
[BlackElo "2766"]
[PlyCount "66"]
[EventDate "2013.04.07"]
[WhiteTeam "PGMB Rostov"]
[BlackTeam "Malakhit"]

1. e4 c6 2. d4 d5 3. e5 Bf5 4. Nf3 e6 5. Be2 Ne7 6. c3 Nd7 7. O-O c5 8. dxc5
Nxc5 9. Nd4 Bg6 10. h4 h6 11. h5 Bh7 12. Bb5+ Nd7 13. Re1 Nf5 14. Bd3 Nxd4 15.
cxd4 Bxd3 16. Qxd3 Qh4 17. Nc3 a6 18. Qd1 Rc8 19. g3 Qh3 20. g4 Bb4 21. Re3 Qh4
22. Kg2 f5 23. gxf5 Bxc3 24. bxc3 Rf8 25. Qe2 Rxf5 26. Rh3 Qe4+ 27. Qxe4 dxe4
28. Rb1 b6 29. Bd2 Rd8 30. Be3 Rc8 31. Bd2 Rd8 32. Be3 Rc8 33. Bd2 Rd8 1/2-1/2

[Event "20th TCh-RUS 2013"]
[Site "Loo RUS"]
[Date "2013.04.08"]
[Round "2"]
[White "Shirov, Alexei"]
[Black "Sjugirov, Sanan"]
[Result "1-0"]
[WhiteElo "2700"]
[BlackElo "2657"]
[PlyCount "83"]
[EventDate "2013.04.07"]
[WhiteTeam "Malakhit"]
[BlackTeam "PGMB Rostov"]

1. e4 c5 2. Nf3 d6 3. d4 cxd4 4. Nxd4 Nf6 5. Nc3 a6 6. h3 e5 7. Nde2 h5 8. g3
Be7 9. Bg2 b5 10. Nd5 Nbd7 11. Nxe7 Qxe7 12. Bg5 Bb7 13. Nc3 Qe6 14. Nd5 Rc8
15. c3 Nxd5 16. exd5 Qg6 17. h4 f6 18. Be3 f5 19. Bg5 Nf6 20. a4 O-O 21. axb5
axb5 22. O-O Ne4 23. Ra7 Ba8 24. Be3 Rf7 25. Ra5 Bb7 26. Qd3 Nf6 27. Bg5 Ne4
28. f4 Nxg5 29. hxg5 Qh7 30. Qxb5 h4 31. gxh4 Qxh4 32. Ra7 Rb8 33. Qb6 Qg3 34.
Qf2 Qd3 35. Qf3 Qd2 36. g6 Rd7 37. Qh5 Qe3+ 38. Kh1 Qxa7 39. fxe5 Qe3 40. Qh7+
Kf8 41. Rxf5+ Ke7 42. Qh4+ 1-0

[Event "20th TCh-RUS 2013"]
[Site "Loo RUS"]
[Date "2013.04.08"]
[Round "2"]
[White "Smirnov, Pavel"]
[Black "Bologan, Viktor"]
[Result "1/2-1/2"]
[WhiteElo "2628"]
[BlackElo "2681"]
[PlyCount "106"]
[EventDate "2013.04.07"]
[WhiteTeam "PGMB Rostov"]
[BlackTeam "Malakhit"]

1. d4 d5 2. c4 c6 3. cxd5 cxd5 4. Bf4 Nc6 5. e3 Nf6 6. Nc3 a6 7. Be2 e6 8. Nf3
Bd6 9. Ne5 Bxe5 10. Bxe5 Nxe5 11. dxe5 Ne4 12. Nxe4 dxe4 13. Qxd8+ Kxd8 14.
O-O-O+ Bd7 15. Rd4 Ke7 16. Rxe4 Rac8+ 17. Kd2 Bc6 18. Rd4 Bxg2 19. Rg1 Bd5 20.
Rxg7 Rcg8 21. Rxg8 Rxg8 22. Rh4 Bxa2 23. e4 Bb1 24. Ke3 Rg5 25. Rh5 Rxh5 26.
Bxh5 f5 27. exf5 Bxf5 28. Kd4 Kd7 29. h4 a5 30. Bf3 b6 31. Bg2 Kc7 32. f4 Kd7
33. Bf3 h6 34. Bh5 Ke7 35. Be2 Kd7 36. Bb5+ Kd8 37. Bc6 Kc7 38. Be8 Kd8 39. Ba4
Kc7 40. Bd1 Kc6 41. Ba4+ b5 42. Bd1 a4 43. Bh5 Kb6 44. Be8 Ka5 45. h5 Kb6 46.
Bg6 Bg4 47. Be8 Bh3 48. Bg6 Bg4 49. Be8 Bf5 50. Bg6 Bh3 51. Be8 Bg4 52. Bg6 b4
53. Kc4 Ka5 1/2-1/2

[Event "20th TCh-RUS 2013"]
[Site "Loo RUS"]
[Date "2013.04.08"]
[Round "2"]
[White "Malakhov, Vladimir"]
[Black "Popov, Ivan RUS"]
[Result "1-0"]
[WhiteElo "2709"]
[BlackElo "2627"]
[PlyCount "213"]
[EventDate "2013.04.07"]
[WhiteTeam "Malakhit"]
[BlackTeam "PGMB Rostov"]

1. Nf3 Nf6 2. g3 g6 3. Bg2 Bg7 4. c4 O-O 5. O-O c5 6. Nc3 d5 7. cxd5 Nxd5 8.
Nxd5 Qxd5 9. d3 Nc6 10. Be3 Bxb2 11. Rb1 Bf6 12. Qa4 Qd7 13. Qb5 Qe6 14. Qxc5
Qxa2 15. Nd2 Rd8 16. Ne4 Bg7 17. Rfe1 Be6 18. Rxb7 Rac8 19. Ng5 Bd5 20. Bxd5
Rxd5 21. Qc1 Qa6 22. Qb1 Nd4 23. Bxd4 Bxd4 24. Nf3 Bf6 25. Qb3 Rdc5 26. Kg2
R8c7 27. Rxc7 Rxc7 28. Rb1 Qc6 29. Qb8+ Kg7 30. Rb4 Qc2 31. g4 Rc8 32. Qb7 Rc7
33. Qb8 Rc8 34. Qb7 Rc7 35. Qe4 Rc5 36. h4 h6 37. Rb8 Rc8 38. Rb7 Rc7 39. g5
hxg5 40. hxg5 Ba1 41. Rb8 Rc8 42. Rxc8 Qxc8 43. Qxe7 Qg4+ 44. Kf1 Qh3+ 45. Ke1
Bc3+ 46. Kd1 Qf1+ 47. Kc2 Qa1 48. Qb7 Be1 49. Nxe1 Qxe1 50. Qf3 Qa1 51. Qd5 a5
52. Qc4 Kg8 53. f4 a4 54. Qc8+ Kh7 55. Qb7 Kg8 56. Qb8+ Kh7 57. Qb1 Qd4 58.
Qh1+ Kg8 59. Qa8+ Kh7 60. Qe4 Qa1 61. Qc4 Kg8 62. f5 a3 63. fxg6 Qb2+ 64. Kd1
Qb1+ 65. Kd2 Qb2+ 66. Kd1 Qb1+ 67. Kd2 Qb2+ 68. Qc2 Qb4+ 69. Qc3 Qf4+ 70. Kc2
Qa4+ 71. Qb3 Qc6+ 72. Kb1 Qxg6 73. Qxa3 Qxg5 74. Qa8+ Kg7 75. Qe4 Qb5+ 76. Kc2
Qc5+ 77. Kb3 Qb5+ 78. Qb4 Qd5+ 79. Kc3 Qc6+ 80. Qc4 Qa8 81. d4 Qa5+ 82. Kc2
Qf5+ 83. Kd2 Qg5+ 84. e3 Qa5+ 85. Qc3 Qa2+ 86. Kd3 Qa6+ 87. Qc4 Qg6+ 88. Kc3
Qg1 89. Qd3 Qc1+ 90. Kb4 Kf8 91. Qa3 Qc6 92. Ka5+ Kg8 93. Qc5 Qa8+ 94. Kb4 Qb7+
95. Kc3 f6 96. d5 Kf7 97. Qd6 Qc8+ 98. Kd4 Qg4+ 99. Kc5 Qf5 100. Kc6 Qc2+ 101.
Qc5 Qd3 102. Kc7 Qf5 103. Qc4 Kf8 104. Qc6 Qf3 105. d6 Qg3 106. Kc8 Qg4+ 107.
d7 1-0

[Event "20th TCh-RUS 2013"]
[Site "Loo RUS"]
[Date "2013.04.08"]
[Round "2"]
[White "Volokitin, Andrei"]
[Black "Korobov, Anton"]
[Result "1/2-1/2"]
[WhiteElo "2702"]
[BlackElo "2698"]
[PlyCount "58"]
[EventDate "2013.04.07"]
[WhiteTeam "Economist-SGSEU"]
[BlackTeam "Yugra"]

1. e4 c5 2. Nf3 d6 3. d4 cxd4 4. Nxd4 Nf6 5. Nc3 a6 6. Be3 e6 7. a4 Nc6 8. Nxc6
bxc6 9. a5 Be7 10. Bb6 Qd7 11. Bd3 c5 12. O-O Bb7 13. Qe2 O-O 14. f4 Qc6 15. f5
Kh8 16. Rf3 Nd7 17. Rh3 c4 18. Bd4 Bf6 19. Bxf6 Nxf6 20. Bxc4 Qc5+ 21. Kh1 exf5
22. b4 Qe5 23. exf5 Qxf5 24. Qd3 Qg5 25. Rg3 Qh4 26. Rh3 Qg5 27. Rg3 Qh4 28.
Rh3 Qg5 29. Rg3 Qh4 1/2-1/2

[Event "20th TCh-RUS 2013"]
[Site "Loo RUS"]
[Date "2013.04.08"]
[Round "2"]
[White "Leko, Peter"]
[Black "Andreikin, Dmitry"]
[Result "1/2-1/2"]
[WhiteElo "2744"]
[BlackElo "2727"]
[PlyCount "82"]
[EventDate "2013.04.07"]
[WhiteTeam "Yugra"]
[BlackTeam "Economist-SGSEU"]

1. e4 e6 2. d4 d5 3. Nc3 dxe4 4. Nxe4 Nd7 5. Nf3 Ngf6 6. Nxf6+ Nxf6 7. c3 Be7
8. Qa4+ Bd7 9. Qb3 Rb8 10. Ne5 O-O 11. Be2 Be8 12. O-O Nd7 13. Rd1 Bd6 14. Nc4
Nb6 15. a4 Nxc4 16. Bxc4 Qh4 17. g3 Qh5 18. Be3 b6 19. Rd2 Bd7 20. Qd1 Qxd1+
21. Rdxd1 Rfd8 22. Kf1 Kf8 23. Ke2 e5 24. dxe5 Bxe5 25. Rd2 Bg4+ 26. f3 Rxd2+
27. Bxd2 Bd7 28. Be3 Bd6 29. Bb5 Be6 30. Rd1 Ke7 31. Rd4 Bc5 32. Rh4 Bxe3 33.
Kxe3 h6 34. Bc4 Bd7 35. Re4+ Kf8 36. Bb5 c6 37. Bc4 Re8 38. b4 f6 39. Rxe8+
Kxe8 40. f4 Ke7 41. a5 bxa5 1/2-1/2

[Event "20th TCh-RUS 2013"]
[Site "Loo RUS"]
[Date "2013.04.08"]
[Round "2"]
[White "Le, Quang Liem"]
[Black "Sasikiran, Krishnan"]
[Result "1/2-1/2"]
[WhiteElo "2717"]
[BlackElo "2663"]
[PlyCount "81"]
[EventDate "2013.04.07"]
[WhiteTeam "SHSM Nashe Nasledie Moskow"]
[BlackTeam "Navigator"]

1. d4 Nf6 2. c4 e6 3. Nf3 b6 4. g3 Ba6 5. Qc2 Bb7 6. Bg2 c5 7. d5 exd5 8. cxd5
Nxd5 9. O-O Nc6 10. a3 Be7 11. Rd1 Nc7 12. Nc3 O-O 13. Bf4 Ne6 14. e3 Nxf4 15.
exf4 d6 16. Rd2 h6 17. Rad1 Re8 18. Qf5 Qc8 19. Qh5 Bf8 20. Nb5 Rd8 21. Nh4 Na5
22. Nxd6 Rxd6 23. Rxd6 Bxd6 24. Rxd6 Bxg2 25. Nf5 Qf8 26. Kxg2 Rd8 27. Qd1 Rxd6
28. Nxd6 Qd8 29. Qd5 Qd7 30. Qa8+ Kh7 31. Qe4+ Kg8 32. Qa8+ Kh7 33. Qd5 Nc6 34.
h4 Kg8 35. h5 Kf8 36. f3 Nd8 37. g4 Qe6 38. Qd2 Qd7 39. Qd5 Qe6 40. Qd2 Qd7 41.
Qd5 1/2-1/2

[Event "20th TCh-RUS 2013"]
[Site "Loo RUS"]
[Date "2013.04.08"]
[Round "2"]
[White "Safarli, Eltaj"]
[Black "Wojtaszek, Radoslaw"]
[Result "1/2-1/2"]
[WhiteElo "2644"]
[BlackElo "2700"]
[PlyCount "92"]
[EventDate "2013.04.07"]
[WhiteTeam "Navigator"]
[BlackTeam "SHSM Nashe Nasledie Moskow"]

1. e4 c5 2. Nf3 d6 3. d4 cxd4 4. Nxd4 Nf6 5. Nc3 a6 6. Be3 e5 7. Nf3 Qc7 8. a4
Be7 9. Be2 O-O 10. O-O h6 11. a5 Be6 12. Nd5 Nxd5 13. exd5 Bg4 14. Bb6 Qc8 15.
Ra3 Nd7 16. Rc3 Qe8 17. Rc7 Nxb6 18. axb6 Bd8 19. Rxb7 Bc8 20. Ra7 Rb8 21. b7
Rxb7 22. Rxa6 Rxb2 23. Rxd6 Qe7 24. Rc6 Bb7 25. Qa1 Bxc6 26. Qxb2 Bxd5 27. Qxe5
Qxe5 28. Nxe5 Re8 29. f4 Bb6+ 30. Kh1 Bd4 31. Bf3 Bxe5 32. Bxd5 Bc3 33. g3 Re1
34. Rxe1 Bxe1 35. c4 Bb4 36. Kg2 Kf8 37. Kf3 Ke7 38. Ke4 f6 39. Kf5 Bc5 40. h3
Bf2 41. g4 Bc5 42. h4 Bf2 43. h5 Bc5 44. Kg6 Kf8 45. Kf5 Ke7 46. Kg6 Kf8
1/2-1/2

[Event "20th TCh-RUS 2013"]
[Site "Loo RUS"]
[Date "2013.04.08"]
[Round "2"]
[White "Grachev, Boris"]
[Black "Chadaev, Nikolai"]
[Result "1-0"]
[WhiteElo "2693"]
[BlackElo "2582"]
[PlyCount "109"]
[EventDate "2013.04.07"]
[WhiteTeam "SHSM Nashe Nasledie Moskow"]
[BlackTeam "Navigator"]

1. d4 Nf6 2. c4 e6 3. Nf3 d5 4. Nc3 c5 5. e3 Nc6 6. cxd5 exd5 7. Bb5 Bd6 8.
dxc5 Bxc5 9. O-O O-O 10. b3 Bg4 11. Bb2 Rc8 12. Rc1 Bd6 13. h3 Bh5 14. Be2 a6
15. Nh4 Bxe2 16. Nxe2 Be5 17. Bxe5 Nxe5 18. Qd4 Re8 19. Nf5 Rxc1 20. Rxc1 Qd7
21. Nfg3 h6 22. Rd1 Nc6 23. Qb2 Rd8 24. Nf4 Ne7 25. Ngh5 Nxh5 26. Nxh5 f6 27.
Nf4 Qc8 28. Rd3 Qf5 29. Qd2 Qe5 30. Rd4 g5 31. Nd3 Qe6 32. Nb4 a5 33. Nc2 Rc8
34. Ne1 b6 35. Nf3 Qc6 36. Qe2 Qc2 37. Rd2 Qb1+ 38. Rd1 Qc2 39. Qe1 Qe4 40. Qf1
Qe6 41. Nd4 Qd6 42. Qd3 Qe5 43. a3 Kg7 44. Qa6 Qb8 45. b4 axb4 46. axb4 Rc3 47.
Qb5 Kf7 48. Qd7 Qe5 49. b5 Qc7 50. Qe6+ Kg6 51. g4 Rc1 52. Rxc1 Qxc1+ 53. Kg2
Qc7 54. Nc6 Nxc6 55. bxc6 1-0

[Event "20th TCh-RUS 2013"]
[Site "Loo RUS"]
[Date "2013.04.08"]
[Round "2"]
[White "Kobalia, Mikhail"]
[Black "Demidov, Mikhail"]
[Result "1-0"]
[WhiteElo "2652"]
[BlackElo "2462"]
[PlyCount "129"]
[EventDate "2013.04.07"]
[WhiteTeam "SHSM Nashe Nasledie Moskow"]
[BlackTeam "Navigator"]

1. e4 e6 2. d4 d5 3. Nd2 dxe4 4. Nxe4 Bd7 5. Nf3 Bc6 6. Bd3 Nd7 7. O-O Ngf6 8.
Ng3 Be7 9. Qe2 Bxf3 10. Qxf3 c6 11. c3 O-O 12. Re1 Re8 13. Bc2 Nf8 14. Nf1 Ng6
15. Ne3 Qa5 16. Nc4 Qd5 17. Qe2 c5 18. dxc5 Qxc5 19. Nd2 Nd5 20. g3 Rac8 21.
Nf3 Bf6 22. Bd2 Red8 23. Rad1 a6 24. h4 b5 25. Ng5 Bxg5 26. Bxg5 Re8 27. Be4 h6
28. Bc1 Nge7 29. Qf3 a5 30. a3 b4 31. cxb4 axb4 32. a4 Qa5 33. b3 Nc3 34. Rd7
Nxe4 35. Qxe4 Nd5 36. Qf3 Nf6 37. Rd3 e5 38. Rd6 Rc3 39. Qd1 Qc5 40. Be3 Qc8
41. Bd2 Rc2 42. Bxb4 Qf5 43. Re2 Rxe2 44. Qxe2 Rb8 45. Be1 Rxb3 46. a5 e4 47.
Rb6 Ra3 48. Rb5 Qe6 49. Rb6 Qf5 50. Qb2 Rd3 51. Qc2 Qf3 52. Rb1 Ra3 53. Bb4 Rd3
54. a6 e3 55. Be1 Ne4 56. a7 exf2+ 57. Bxf2 Nxg3 58. Rb8+ Kh7 59. a8=Q Ne2+ 60.
Kf1 Ng3+ 61. Ke1 Ne4 62. Rh8+ Kg6 63. Qac6+ f6 64. Qe8+ Kf5 65. Qb5+ 1-0

[Event "20th TCh-RUS 2013"]
[Site "Loo RUS"]
[Date "2013.04.08"]
[Round "2"]
[White "Vitiugov, Nikita"]
[Black "Vachier-Lagrave, Maxime"]
[Result "1-0"]
[WhiteElo "2712"]
[BlackElo "2722"]
[PlyCount "141"]
[EventDate "2013.04.07"]
[WhiteTeam "SPb Chess Fed"]
[BlackTeam "Belorechensk"]

1. d4 Nf6 2. c4 g6 3. Nc3 d5 4. Nf3 Bg7 5. Qa4+ Bd7 6. Qb3 dxc4 7. Qxc4 O-O 8.
Bf4 Bc6 9. Rd1 e6 10. Bg5 Bxf3 11. gxf3 c6 12. e4 Qa5 13. Bd2 Qh5 14. h4 c5 15.
Qxc5 Nc6 16. Qxh5 Nxh5 17. Be3 Rfd8 18. e5 f6 19. Bc4 fxe5 20. Bxe6+ Kh8 21. d5
Nd4 22. Bxd4 exd4 23. Ne2 Rd6 24. O-O Rf8 25. Nxd4 Bxd4 26. Rxd4 Rxf3 27. Rc1
Nf4 28. Re4 Nxd5 29. Bxd5 Rxd5 30. Rc7 Rf8 31. Ree7 Rh5 32. Rxb7 a5 33. Re4
Rhf5 34. Ree7 Rh5 35. Ra7 Rxh4 36. Rxa5 Rg4+ 37. Kf1 Rgf4 38. Re2 R8f7 39. Rae5
h5 40. R5e4 Rf3 41. b4 Ra3 42. b5 Rb7 43. Re8+ Kg7 44. R8e7+ Rxe7 45. Rxe7+ Kf6
46. Re2 Ra8 47. Kg2 Kf5 48. b6 Rb8 49. Rb2 Ke6 50. a4 Kd7 51. a5 Kc6 52. Re2
Kb5 53. Re5+ Ka6 54. Rg5 Rg8 55. Kg3 Rf8 56. f4 h4+ 57. Kg4 h3 58. Rxg6 Rh8 59.
b7+ Kxb7 60. Rb6+ Kc7 61. Rb1 h2 62. Rh1 Kd7 63. Kg3 Ra8 64. Rxh2 Rxa5 65. Re2
Ra8 66. Kg4 Rg8+ 67. Kh5 Rf8 68. Kg5 Rg8+ 69. Kh6 Rf8 70. Re4 Kd6 71. Kg7 1-0

[Event "20th TCh-RUS 2013"]
[Site "Loo RUS"]
[Date "2013.04.08"]
[Round "2"]
[White "Savchenko, Boris"]
[Black "Zvjaginsev, Vadim"]
[Result "1-0"]
[WhiteElo "2604"]
[BlackElo "2658"]
[PlyCount "107"]
[EventDate "2013.04.07"]
[WhiteTeam "Belorechensk"]
[BlackTeam "SPb Chess Fed"]

1. e4 e6 2. d4 d5 3. Nc3 Nf6 4. e5 Nfd7 5. f4 c5 6. Nf3 Nc6 7. Be3 cxd4 8. Nxd4
Bc5 9. Qd2 O-O 10. O-O-O Bxd4 11. Bxd4 Qa5 12. Kb1 Rb8 13. Be3 b5 14. Ne2 Qxd2
15. Rxd2 f6 16. Nd4 Nxd4 17. Bxd4 a6 18. g3 Bb7 19. Bh3 f5 20. g4 fxg4 21. Bxg4
Rfe8 22. Rg1 Nf8 23. Bc5 Rbc8 24. Bd6 Rc4 25. Rf2 Bc8 26. Be2 Re4 27. Bd3 Re3
28. Rfg2 g6 29. Rg3 Rxg3 30. hxg3 Kf7 31. b3 Nd7 32. g4 Nb6 33. Kb2 Bd7 34. Bc5
Nc8 35. Bf2 Ne7 36. Bh4 Ng8 37. Kc3 a5 38. Kd4 Rc8 39. Rh1 h6 40. a3 Ra8 41.
Be1 Kg7 42. Kc5 Rc8+ 43. Kb6 a4 44. Bb4 Kf7 45. Kb7 axb3 46. cxb3 d4 47. Bxb5
Bxb5 48. Kxc8 Be2 49. g5 h5 50. Kd8 d3 51. Rc1 Ne7 52. Rc7 h4 53. Rxe7+ Kg8 54.
Rxe6 1-0

[Event "20th TCh-RUS 2013"]
[Site "Loo RUS"]
[Date "2013.04.08"]
[Round "2"]
[White "Khairullin, Ildar"]
[Black "Korneev, Oleg"]
[Result "1/2-1/2"]
[WhiteElo "2660"]
[BlackElo "2609"]
[PlyCount "109"]
[EventDate "2013.04.07"]
[WhiteTeam "SPb Chess Fed"]
[BlackTeam "Belorechensk"]

1. d4 d5 2. Nf3 Nf6 3. c4 e6 4. Nc3 Be7 5. Bg5 h6 6. Bh4 O-O 7. e3 Ne4 8. Bxe7
Qxe7 9. Rc1 c6 10. Bd3 Nxc3 11. Rxc3 Nd7 12. Qc2 dxc4 13. Bxc4 e5 14. O-O exd4
15. Nxd4 Nf6 16. Rd1 a6 17. Bb3 Ne4 18. Rc4 Re8 19. f3 Nd6 20. Rc3 Nb5 21. Nxb5
axb5 22. a3 b4 23. axb4 Qxb4 24. e4 Be6 25. Bxe6 Rxe6 26. Qb3 Qxb3 27. Rxb3 Re7
28. Kf2 f6 29. g4 g5 30. h4 Kf7 31. h5 Ke6 32. Ke3 Ke5 33. Rc3 Ke6 34. Rcd3 Kf7
35. Rb3 Ke8 36. Rd6 Kf7 37. Kd4 Ra4+ 38. Kc5 Ra5+ 39. Kc4 Ra4+ 40. Kc5 Ra5+ 41.
Kc4 Ra4+ 42. Kc3 Ra8 43. e5 fxe5 44. Rxh6 Rf8 45. Kc4 Ke8 46. Kc5 Kd8 47. Kb6
e4 48. fxe4 Rxe4 49. Kxb7 Rxg4 50. Rxc6 Rf7+ 51. Kb6 Ke7 52. h6 Rf6 53. h7 Rh4
54. Re3+ Kf7 55. Rxf6+ 1/2-1/2

[Event "20th TCh-RUS 2013"]
[Site "Loo RUS"]
[Date "2013.04.08"]
[Round "2"]
[White "Panarin, Mikhail"]
[Black "Matlakov, Maxim"]
[Result "1/2-1/2"]
[WhiteElo "2559"]
[BlackElo "2653"]
[PlyCount "81"]
[EventDate "2013.04.07"]
[WhiteTeam "Belorechensk"]
[BlackTeam "SPb Chess Fed"]

1. e4 e5 2. Nf3 Nc6 3. Bb5 a6 4. Ba4 Nf6 5. O-O Be7 6. Re1 b5 7. Bb3 d6 8. c3
O-O 9. h3 Nb8 10. d4 Nbd7 11. Nbd2 Bb7 12. Bc2 Re8 13. Nf1 Bf8 14. Ng3 g6 15.
Bg5 h6 16. Be3 exd4 17. Qxd4 Nc5 18. e5 dxe5 19. Nxe5 Qxd4 20. Bxd4 Ne6 21. Be3
Nd5 22. Bd2 Ndf4 23. Be4 Bxe4 24. Nxe4 Bg7 25. Nd7 Red8 26. Bxf4 Nxf4 27. Rad1
Ne6 28. Kf1 a5 29. Nef6+ Bxf6 30. Nxf6+ Kg7 31. Nd5 Rd7 32. Nf4 Rxd1 33. Nxe6+
Kf6 34. Rxd1 Kxe6 35. Ke2 a4 36. Ke3 Rb8 37. g4 Rh8 38. Rd4 c5 39. Re4+ Kd6 40.
Rf4 Ke6 41. Re4+ 1/2-1/2

[Event "20th TCh-RUS 2013"]
[Site "Loo RUS"]
[Date "2013.04.08"]
[Round "2"]
[White "Romanov, Evgeny"]
[Black "Kamsky, Gata"]
[Result "1/2-1/2"]
[WhiteElo "2606"]
[BlackElo "2741"]
[PlyCount "87"]
[EventDate "2013.04.07"]
[WhiteTeam "M.Chigorin Chess Club"]
[BlackTeam "Kazan"]

1. c4 c6 2. d4 d5 3. Nf3 Nf6 4. Qb3 e6 5. Bg5 h6 6. Bh4 Qa5+ 7. Nc3 Ne4 8. e3
Nd7 9. cxd5 cxd5 10. Bd3 g5 11. Bg3 Nxg3 12. hxg3 g4 13. Ne5 Nxe5 14. dxe5 Bg7
15. Bb5+ Ke7 16. Rh5 a6 17. Be2 Bd7 18. Rd1 Rac8 19. Kf1 Rc7 20. Rd4 Kd8 21.
Rxg4 Bf8 22. Kg1 b5 23. Rd4 Bc5 24. Rd1 Kc8 25. a3 Kb8 26. Na2 Bf8 27. e4 dxe4
28. Qe3 Bc5 29. Qxe4 Bc6 30. Qf4 Rd7 31. Nb4 Rxd1+ 32. Bxd1 Bxb4 33. axb4 Qa1
34. Qd2 Bd5 35. Rh1 h5 36. Qd4 Rc8 37. Kh2 Rc1 38. Re1 Kc8 39. f3 Kb7 40. Rg1
Rb1 41. Bb3 Rxg1 42. Bxd5+ exd5 43. Qxd5+ Kb8 44. Qd8+ 1/2-1/2

[Event "20th TCh-RUS 2013"]
[Site "Loo RUS"]
[Date "2013.04.08"]
[Round "2"]
[White "Timofeev, Artyom"]
[Black "Makarov, Marat"]
[Result "1-0"]
[WhiteElo "2616"]
[BlackElo "2518"]
[PlyCount "59"]
[EventDate "2013.04.07"]
[WhiteTeam "Kazan"]
[BlackTeam "M.Chigorin Chess Club"]

1. d4 Nf6 2. c4 e6 3. Nc3 Bb4 4. f3 c5 5. a3 cxd4 6. axb4 dxc3 7. e4 d5 8. bxc3
dxe4 9. Qc2 Nbd7 10. fxe4 b6 11. Bf4 e5 12. Bg5 Bb7 13. Bd3 h6 14. Bh4 g5 15.
Bf2 Ng4 16. Rd1 Qf6 17. Nf3 Nxf2 18. Qxf2 O-O 19. O-O Qe7 20. Qg3 Kh7 21. h4 f6
22. Nh2 gxh4 23. Qxh4 Rg8 24. Be2 Rad8 25. Rf2 Qg7 26. Bg4 Bc8 27. Bf5+ Kh8 28.
Ng4 Qg5 29. Qxg5 Rxg5 30. Nxf6 1-0

[Event "20th TCh-RUS 2013"]
[Site "Loo RUS"]
[Date "2013.04.08"]
[Round "2"]
[White "Levin, Evgeny A"]
[Black "Atalik, Suat"]
[Result "1/2-1/2"]
[WhiteElo "2521"]
[BlackElo "2593"]
[PlyCount "121"]
[EventDate "2013.04.07"]
[WhiteTeam "M.Chigorin Chess Club"]
[BlackTeam "Kazan"]

1. d4 Nf6 2. c4 g6 3. Nc3 d5 4. Bf4 Bg7 5. e3 O-O 6. cxd5 Nxd5 7. Nxd5 Qxd5 8.
Bxc7 Na6 9. Bxa6 bxa6 10. Nf3 Qb7 11. Bg3 Qxb2 12. O-O Be6 13. Qc1 Qb4 14. a3
Qa4 15. Qc5 Bf6 16. Rfc1 Rfc8 17. Qb4 Qb5 18. Bc7 Bd5 19. Rc5 Qd7 20. Rac1 h5
21. Ne5 Bxe5 22. dxe5 Be6 23. Qc3 a5 24. Qxa5 Qd3 25. Qb4 a5 26. Qc3 Qxc3 27.
R1xc3 a4 28. Kf1 Ra7 29. Bb6 Rxc5 30. Bxc5 Rc7 31. Ke2 f6 32. exf6 exf6 33. f3
Kf7 34. h4 Bc8 35. e4 Be6 36. Ke3 Bb3 37. Rc1 Ke6 38. Rc3 Rc8 39. Rc1 Kf7 40.
Ke2 Ke6 41. Ke3 Rc7 42. Kf4 Kf7 43. g4 hxg4 44. fxg4 Rc6 45. e5 fxe5+ 46. Kxe5
Kg8 47. Kd4 Rf6 48. Ke5 Re6+ 49. Kf4 Rc6 50. Kg5 Kh7 51. Rc3 Be6 52. Kf4 Bb3
53. Ke5 Re6+ 54. Kd4 g5 55. h5 Bd1 56. Rg3 Rf6 57. Ke5 Rf4 58. Be3 Rxg4 59.
Rxg4 Bxg4 60. Bxg5 Bxh5 61. Ke4 1/2-1/2